Les grandes batailles de l'Histoire de France - Statistiques

Statistiques générales
  • Ce quiz a été pris 784 fois
  • Le résultat moyen est 15 sur 28
Statistiques - réponses
Année Bataille % Correct
1916 Verdun
94%
52 av. J.-C. Alésia
93%
1815 Waterloo
89%
1805 Austerlitz
82%
1515 Marignan
81%
732 Poitiers
73%
1356 Poitiers
73%
1916 Somme
72%
52 av. J.-C. Gergovie
66%
1914 Marne
66%
1944 Normandie
64%
1870 Sedan
63%
1415 Azincourt
60%
1806 Iéna
54%
1792 Valmy
54%
1954 Diên Biên Phu
53%
1214 Bouvines
50%
1805 Trafalgar
44%
1809 Wagram
38%
1346 Crécy
35%
486 Soissons
33%
1525 Pavie
30%
1628 La Rochelle
25%
451 Les champs Catalauniques
25%
496 Tolbiac
24%
1643 Rocroi
19%
1745 Fontenoy
16%
778 Roncevaux
15%
Aucun quiz correspondant
Distribution des résultats
% des personnes avec chaque résultat
Percentile par nombre de réponses
Votre historique - résultats
Vous n’avez pas pris ce quiz